Parentalidades en familias diversas /

El articulo explora las diversas estructuras familiares en la actualidad, ya que el concepto de familia se encuentra en una importante transición; ya no se considera únicamente como la unión entre un hombre, una mujer y una progenie. Actualmente se encuentran familias uniparentales, familias ampliad...

Cur síos iomlán

Sábháilte in:
Sonraí bibleagrafaíochta
Príomhchruthaitheoir: Blanco Álvarez, Tatiana
Formáid: LEABHAR
Teanga:Spanish
Ábhair:
Clibeanna: Cuir clib leis
Níl clibeanna ann, Bí ar an gcéad duine le clib a chur leis an taifead seo!

MARC

LEADER 00000nam a22000007a 4500
003 cru CIDCACS/IIS
005 20170515111021.0
007 ta
008 170210t2015 cr ||||| |||| 00| 0 spa d
040 |c cru CIDCACS/IIS 
090 |a REV0862 (148) 2015 
100 1 |9 464  |a Blanco Álvarez, Tatiana 
245 1 |a Parentalidades en familias diversas /  |c Tatiana Blanco Álvarez 
300 |a páginas 30-48 
520 |a El articulo explora las diversas estructuras familiares en la actualidad, ya que el concepto de familia se encuentra en una importante transición; ya no se considera únicamente como la unión entre un hombre, una mujer y una progenie. Actualmente se encuentran familias uniparentales, familias ampliadas y aquellas conformadas por parejas del mismo sexo. El objetivo del presente artículo es exponer el estado de la cuestión de la investigación internacional con respecto al tema de parentalidades de familias LGBTI, además se explora y analizan los diferentes estilos parentales que se presentan en las parejas homosexuales que tienen hijos e hijas. Los principales resultados son que las habilidades parentales de una persona van más allá de su orientación sexual, de ahí que las familias diversas pueden seguir un curso más normativo del que la heterosexualidad le daría crédito. La investigación se realizó por medio de un estudio monográfico, de revisión bibliográfica actualizada y busca aportar a la educación y comprensión sobre las diferencias de los estilos de parentalidad homosexual y heterosexual. KDV/150517 
650 1 0 |9 91  |a FAMILIA 
650 0 |9 4734  |a ESTRUCTURA DE LA FAMILIA 
650 0 |9 4735  |a HOMOSEXUALIDAD 
773 0 |0 18728  |9 258  |a Universidad de Costa Rica  |d San José, Costa Rica Editorial UCR 1956-  |o R17728  |t Revista de Ciencias Sociales/ 
942 |2 ddc  |c PP 
999 |c 18869  |d 18869